[Event "Karposh Open 2015"]
[Site "Skopje MKD"]
[Date "2015.03.28"]
[Round "2.26"]
[White "Kanmazalp, Ogulcan"]
[Black "Lopez, Jasel"]
[Result "1-0"]
[WhiteElo "2458"]
[BlackElo "2211"]
[PlyCount "83"]
[EventDate "2015.03.27"]
[EventType "swiss"]
[EventRounds "9"]
[EventCountry "MKD"]
[Source "lmi"]
[SourceDate "2015.03.27"]

1. d4 d5 2. Nf3 Nf6 3. c4 c6 4. Nc3 e6 5. Bg5 Nbd7 6. cxd5 exd5 7. e3 Be7 8.
Qc2 O-O 9. Bd3 Re8 10. O-O Nf8 11. Rae1 g6 12. Ne5 Ne6 13. f4 c5 14. Qf2 Ng7
15. dxc5 Bxc5 16. Nxd5 Qxd5 17. Bxf6 Qd6 18. Bxg7 Kxg7 19. Qg3 Rxe5 20. fxe5
Qxd3 21. e6 Bxe6 22. Qe5+ Kg8 23. Qxc5 Rc8 24. Qxa7 Qd2 25. Qd4 Qxd4 26. exd4
Bxa2 27. Re7 Rc2 28. Rfe1 Rxb2 29. R7e2 Rxe2 30. Rxe2 Bc4 31. Re5 b5 32. d5 Kf8
33. d6 Be6 34. Rxb5 Kg7 35. Rd5 Bd7 36. Re5 Kf6 37. Re7 Bc6 38. Kf2 g5 39. g3
h5 40. Ke3 h4 41. gxh4 gxh4 42. Kf4 1-0

[Event "Karposh Open 2015"]
[Site "Skopje MKD"]
[Date "2015.03.28"]
[Round "2.27"]
[White "Giannoulakis, Labros"]
[Black "Antic, Dejan"]
[Result "1-0"]
[WhiteElo "2217"]
[BlackElo "2457"]
[PlyCount "87"]
[EventDate "2015.03.27"]
[EventType "swiss"]
[EventRounds "9"]
[EventCountry "MKD"]
[Source "lmi"]
[SourceDate "2015.03.27"]

1. d4 e6 2. c4 Bb4+ 3. Nc3 c5 4. e3 Nc6 5. Nf3 d6 6. Bd3 f5 7. Qc2 Nf6 8. O-O
O-O 9. Bd2 Qe7 10. a3 Ba5 11. Rfd1 Bd7 12. d5 Ne5 13. Nxe5 dxe5 14. dxe6 Qxe6
15. Nd5 Bxd2 16. Bxf5 Qf7 17. Nxf6+ gxf6 18. Bxd7 Qxd7 19. Qxd2 Qf7 20. Qd5 b6
21. Qxf7+ Rxf7 22. Rd6 Kg7 23. Rad1 Rb8 24. Rd7 Rb7 25. Rxb7 Rxb7 26. Kf1 b5
27. cxb5 Rxb5 28. Rd2 Kf7 29. Ke2 Ke6 30. Kd1 Rb7 31. Kc2 e4 32. Kc3 Rg7 33. g3
Rg5 34. Kc4 h5 35. h4 Re5 36. Kb5 Rf5 37. b3 Re5 38. Ka6 Kf5 39. Kxa7 Kg4 40.
Kb6 f5 41. a4 f4 42. exf4 e3 43. fxe3 Rxe3 44. Rb2 1-0

[Event "Karposh Open 2015"]
[Site "Skopje MKD"]
[Date "2015.03.28"]
[Round "2.28"]
[White "Kapnisis, Spyridon"]
[Black "Hristodorescu, Daniel"]
[Result "1-0"]
[WhiteElo "2455"]
[BlackElo "2194"]
[PlyCount "39"]
[EventDate "2015.03.27"]
[EventType "swiss"]
[EventRounds "9"]
[EventCountry "MKD"]
[Source "lmi"]
[SourceDate "2015.03.27"]

1. e4 c6 2. d4 d5 3. f3 Qb6 4. Nc3 dxe4 5. fxe4 e5 6. Nf3 exd4 7. Nxd4 Nf6 8.
e5 Ng4 9. e6 Bxe6 10. Bc4 Nf2 11. Kxf2 Bxc4 12. Re1+ Be6 13. Na4 Qb4 14. Nxe6
fxe6 15. Qh5+ g6 16. Qe5 Qh4+ 17. Kg1 Nd7 18. Qxe6+ Be7 19. Bf4 Qf6 20. Bd6 1-0

[Event "Karposh Open 2015"]
[Site "Skopje MKD"]
[Date "2015.03.28"]
[Round "2.30"]
[White "Issakainen, Ari"]
[Black "Drazic, Sinisa"]
[Result "0-1"]
[WhiteElo "2195"]
[BlackElo "2439"]
[PlyCount "60"]
[EventDate "2015.03.27"]
[EventType "swiss"]
[EventRounds "9"]
[EventCountry "MKD"]
[Source "lmi"]
[SourceDate "2015.03.27"]

1. d4 d5 2. c4 dxc4 3. Nf3 Nf6 4. e3 Be6 5. Ng5 Bd5 6. Nc3 e6 7. f3 h6 8. Nh3
b6 9. e4 Bb7 10. Bxc4 c5 11. d5 exd5 12. exd5 a6 13. O-O Bd6 14. Re1+ Kf8 15.
a4 Qc7 16. f4 Nbd7 17. Qf3 g5 18. fxg5 hxg5 19. Bxg5 Bxh2+ 20. Kf1 Qg3 21. Qf4
Qg4 22. Qxg4 Nxg4 23. Re7 Nge5 24. d6 Nxc4 25. Rxd7 Rb8 26. Re1 Kg7 27. Be7 Rh6
28. Ne4 Bxe4 29. b3 Bf5 30. Ra7 Nxd6 0-1

[Event "Karposh Open 2015"]
[Site "Skopje MKD"]
[Date "2015.03.28"]
[Round "2.31"]
[White "Ilic, Ljubomir"]
[Black "Doncea, Vladimir"]
[Result "0-1"]
[WhiteElo "2193"]
[BlackElo "2421"]
[PlyCount "66"]
[EventDate "2015.03.27"]
[EventType "swiss"]
[EventRounds "9"]
[EventCountry "MKD"]
[Source "lmi"]
[SourceDate "2015.03.27"]

1. e4 c5 2. Nf3 e6 3. Nc3 Nc6 4. g3 e5 5. Bg2 Bd6 6. O-O Nge7 7. Nd5 O-O 8. c3
b6 9. d4 cxd4 10. cxd4 Ba6 11. Re1 Nxd5 12. exd5 Nxd4 13. Nxd4 exd4 14. Qxd4
Qc7 15. Bf4 Bxf4 16. gxf4 Qd6 17. Qe5 Qg6 18. f5 Qg5 19. f4 Qg4 20. h3 Qg3 21.
Re3 Qh4 22. Rae1 Rac8 23. Kh2 Rc5 24. Qe7 Qxf4+ 25. Kh1 Rcc8 26. Qxd7 h6 27.
Qxa7 Bb5 28. Qxb6 Bd7 29. Rf1 Qg5 30. Ree1 Rc2 31. Rf2 Rfc8 32. f6 Qg3 33. Ref1
Bxh3 0-1

[Event "Karposh Open 2015"]
[Site "Skopje MKD"]
[Date "2015.03.28"]
[Round "2.32"]
[White "Zugaj, Fjodor"]
[Black "Stanojoski, Zvonko"]
[Result "0-1"]
[WhiteElo "2187"]
[BlackElo "2418"]
[PlyCount "40"]
[EventDate "2015.03.27"]
[EventType "swiss"]
[EventRounds "9"]
[EventCountry "MKD"]
[Source "lmi"]
[SourceDate "2015.03.27"]

1. d4 d5 2. Nf3 e6 3. g3 c5 4. Bg2 Nc6 5. O-O Nf6 6. c4 dxc4 7. Qa4 cxd4 8.
Nxd4 Qxd4 9. Bxc6+ bxc6 10. Qxc6+ Qd7 11. Qxa8 Bc5 12. Nc3 O-O 13. Ne4 Nxe4 14.
Qxe4 Bb7 15. Qh4 f5 16. Re1 f4 17. gxf4 Rf6 18. f5 Rxf5 19. Bf4 g5 20. Rad1
Qxd1 0-1

[Event "Karposh Open 2015"]
[Site "Skopje MKD"]
[Date "2015.03.28"]
[Round "2.33"]
[White "Burcu, Cagatay"]
[Black "Arsovic, Goran"]
[Result "0-1"]
[WhiteElo "2174"]
[BlackElo "2412"]
[PlyCount "76"]
[EventDate "2015.03.27"]
[EventType "swiss"]
[EventRounds "9"]
[EventCountry "MKD"]
[Source "lmi"]
[SourceDate "2015.03.27"]

1. d4 Nf6 2. Nf3 g6 3. g3 Bg7 4. Bg2 O-O 5. c4 d6 6. O-O Nbd7 7. Qc2 e5 8. Rd1
Qe7 9. Nc3 c6 10. e4 Nb6 11. b3 Bg4 12. dxe5 dxe5 13. Be3 Nbd7 14. h3 Bxf3 15.
Bxf3 Nc5 16. Qb2 Ne6 17. Ne2 h5 18. b4 Rfe8 19. b5 Nc5 20. Nc3 Nfd7 21. Qa3 Bf8
22. bxc6 bxc6 23. Na4 Nxa4 24. Qxa4 Qe6 25. Rac1 Bc5 26. Bxc5 Nxc5 27. Qa3 Qe7
28. h4 Rad8 29. Qc3 Qc7 30. Bg2 Ne6 31. c5 Rd4 32. Bh3 Red8 33. Re1 Rd3 34. Qc4
Nf8 35. Qa6 Rd2 36. Rb1 Nd7 37. Rb7 Nxc5 38. Rxc7 Nxa6 0-1

[Event "Karposh Open 2015"]
[Site "Skopje MKD"]
[Date "2015.03.28"]
[Round "2.34"]
[White "Jacimovic, Dragoljub"]
[Black "Bolat, Ahmet"]
[Result "1/2-1/2"]
[WhiteElo "2411"]
[BlackElo "2170"]
[PlyCount "114"]
[EventDate "2015.03.27"]
[EventType "swiss"]
[EventRounds "9"]
[EventCountry "MKD"]
[Source "lmi"]
[SourceDate "2015.03.27"]

1. d4 Nf6 2. c4 e5 3. dxe5 Ng4 4. e3 Nxe5 5. Nh3 Bb4+ 6. Bd2 Qe7 7. Nf4 c6 8.
Be2 Bxd2+ 9. Qxd2 O-O 10. O-O Rd8 11. Nc3 Ng6 12. Rfe1 Na6 13. Rad1 d6 14. Qc2
Nc7 15. Nxg6 hxg6 16. Qb3 Ne8 17. Rd2 Be6 18. Qa3 Qc7 19. Red1 a6 20. b3 b5 21.
Ne4 c5 22. Ng5 Bd7 23. Bf3 b4 24. Qc1 Bc6 25. Bxc6 Qxc6 26. Qc2 Nf6 27. e4 Rd7
28. Qd3 Re8 29. Qh3 a5 30. f4 Rxe4 31. Nxe4 Nxe4 32. Re2 f5 33. Qd3 Nc3 34.
Re8+ Kf7 35. Qe3 d5 36. Re1 Ne4 37. Re5 dxc4 38. bxc4 Rd4 39. g4 Qf6 40. Rxc5
Qh4 41. Rc7+ Ke8 42. gxf5 Qg4+ 43. Kh1 gxf5 44. h3 Qh4 45. Rxg7 Rd3 46. Qxd3
Qxe1+ 47. Kh2 Qf2+ 48. Rg2 Qxf4+ 49. Kg1 Qc1+ 50. Qf1 Qe3+ 51. Kh2 f4 52. Re2
Qg3+ 53. Kh1 Qd3 54. Qg2 f3 55. Qg6+ Kd7 56. Rxe4 Qf1+ 57. Kh2 Qf2+ 1/2-1/2

[Event "Karposh Open 2015"]
[Site "Skopje MKD"]
[Date "2015.03.28"]
[Round "2.35"]
[White "Petrov, Georgi"]
[Black "Santiago, Yago De Moura"]
[Result "0-1"]
[WhiteElo "2174"]
[BlackElo "2410"]
[PlyCount "96"]
[EventDate "2015.03.27"]
[EventType "swiss"]
[EventRounds "9"]
[EventCountry "MKD"]
[Source "lmi"]
[SourceDate "2015.03.27"]

1. Nf3 Nf6 2. c4 g6 3. b3 Bg7 4. Bb2 O-O 5. e3 d6 6. d4 e5 7. dxe5 Nfd7 8. Be2
Nc6 9. O-O Ndxe5 10. Nc3 Nxf3+ 11. Bxf3 Ne5 12. Be2 f5 13. Qd5+ Nf7 14. Rad1
Qe7 15. Na4 Bxb2 16. Nxb2 f4 17. e4 c6 18. Qd4 c5 19. Qd5 Rd8 20. Rfe1 Be6 21.
Qd2 g5 22. Nd3 Ne5 23. Qc3 Qg7 24. Nxe5 dxe5 25. Rxd8+ Rxd8 26. Rd1 Rd4 27. Qa5
b6 28. Qb5 Qe7 29. Rxd4 exd4 30. Qc6 Bf7 31. h3 Kg7 32. a3 h5 33. f3 Qd8 34.
Bd3 g4 35. hxg4 hxg4 36. fxg4 Qh4 37. Qd7 Qe1+ 38. Bf1 Qe3+ 39. Kh2 Qxe4 40.
Qd8 Qe5 41. Kh1 Qf6 42. Qd7 Qe6 43. Qxe6 Bxe6 44. Be2 Kf6 45. Kh2 Kg5 46. Kh3
b5 47. g3 f3 48. Bxf3 bxc4 0-1

[Event "Karposh Open 2015"]
[Site "Skopje MKD"]
[Date "2015.03.28"]
[Round "2.36"]
[White "Radovanovic, Nikola"]
[Black "Glavinac, Goran"]
[Result "1-0"]
[WhiteElo "2399"]
[BlackElo "2166"]
[PlyCount "56"]
[EventDate "2015.03.27"]
[EventType "swiss"]
[EventRounds "9"]
[EventCountry "MKD"]
[Source "lmi"]
[SourceDate "2015.03.27"]

1. d4 d5 2. c4 e6 3. Nc3 c6 4. e3 Nf6 5. Nf3 Nbd7 6. Qc2 Bd6 7. Bd3 dxc4 8.
Bxc4 b5 9. Bb3 Bb7 10. O-O O-O 11. Rd1 Qc7 12. h3 a6 13. e4 e5 14. dxe5 Nxe5
15. Nd4 Ng6 16. Nf5 Be5 17. Be3 Bxc3 18. Qxc3 Nf4 19. Nh6+ Kh8 20. Bxf4 Qxf4
21. Nxf7+ Rxf7 22. Bxf7 Rf8 23. e5 Ne4 24. Qe3 Qxf7 25. Qxe4 Qxf2+ 26. Kh1 Qb6
27. e6 c5 28. e7 Re8 1-0

[Event "Karposh Open 2015"]
[Site "Skopje MKD"]
[Date "2015.03.28"]
[Round "2.37"]
[White "Eric, Jovana"]
[Black "Saduakassova, Dinara"]
[Result "1/2-1/2"]
[WhiteElo "2166"]
[BlackElo "2398"]
[PlyCount "75"]
[EventDate "2015.03.27"]
[EventType "swiss"]
[EventRounds "9"]
[EventCountry "MKD"]
[Source "lmi"]
[SourceDate "2015.03.27"]

1. e4 c5 2. Nf3 d6 3. d4 cxd4 4. Nxd4 Nf6 5. Nc3 a6 6. Be3 e5 7. Nb3 Be7 8. f3
Be6 9. Qd2 O-O 10. O-O-O a5 11. Kb1 a4 12. Nc1 Nbd7 13. g4 Nb6 14. g5 Nh5 15.
Nd5 Nxd5 16. exd5 Bf5 17. Bd3 Bxd3 18. Nxd3 Qd7 19. Qg2 g6 20. f4 exf4 21. Nxf4
Nxf4 22. Bxf4 Rfc8 23. h4 Rc5 24. Rdf1 Rac8 25. Rf2 Bf8 26. h5 gxh5 27. Rxh5
Bg7 28. Qf3 Qf5 29. g6 Qxg6 30. Rg5 Qf6 31. Be5 Qxf3 32. Rxg7+ Kh8 33. Rxf3
dxe5 34. Rfxf7 Rxc2 35. Rxh7+ Kg8 36. Rhg7+ Kh8 37. Rh7+ Kg8 38. Rhg7+ 1/2-1/2

[Event "Karposh Open 2015"]
[Site "Skopje MKD"]
[Date "2015.03.28"]
[Round "2.38"]
[White "Kerigan, Demre"]
[Black "Unuk, Laura"]
[Result "1-0"]
[WhiteElo "2397"]
[BlackElo "2158"]
[PlyCount "57"]
[EventDate "2015.03.27"]
[EventType "swiss"]
[EventRounds "9"]
[EventCountry "MKD"]
[Source "lmi"]
[SourceDate "2015.03.27"]

1. e4 e6 2. Nf3 d5 3. e5 c5 4. b4 cxb4 5. d4 Ne7 6. a3 b3 7. cxb3 Nbc6 8. Bd3
Nf5 9. Bb2 Be7 10. Nbd2 O-O 11. Nf1 f6 12. Ng3 fxe5 13. dxe5 Nh4 14. Nxh4 Bxh4
15. O-O Qg5 16. Nh5 Qh6 17. f4 g6 18. Nf6+ Bxf6 19. exf6 d4 20. Be4 e5 21. Bd5+
Rf7 22. b4 Kf8 23. b5 Nd8 24. Qb3 Rxf6 25. fxe5 Rxf1+ 26. Rxf1+ Kg7 27. e6 Qh4
28. Qe3 Bxe6 29. Bxd4+ 1-0

[Event "Karposh Open 2015"]
[Site "Skopje MKD"]
[Date "2015.03.28"]
[Round "2.39"]
[White "Gantar, Jan"]
[Black "Enchev, Ivajlo"]
[Result "0-1"]
[WhiteElo "2162"]
[BlackElo "2395"]
[PlyCount "82"]
[EventDate "2015.03.27"]
[EventType "swiss"]
[EventRounds "9"]
[EventCountry "MKD"]
[Source "lmi"]
[SourceDate "2015.03.27"]

1. e4 d5 2. exd5 Qxd5 3. Nc3 Qd6 4. d4 Nf6 5. Nb5 Qd8 6. c4 Bg4 7. Be2 Bxe2 8.
Nxe2 c6 9. Nbc3 g6 10. Bf4 Bg7 11. Qd2 Qb6 12. O-O-O Nbd7 13. Bh6 Bxh6 14. Qxh6
Qa6 15. b3 b5 16. d5 bxc4 17. dxc6 Nc5 18. bxc4 Qxc4 19. Rd4 Qa6 20. c7 Ne6 21.
Rb4 Nxc7 22. Kc2 Ncd5 23. Ra4 Qc6 24. Rc1 Rc8 25. Kd2 Nxc3 26. Nxc3 Qxg2 27.
Ke2 Rc6 28. Ne4 Rxc1 29. Nxf6+ exf6 30. Qe3+ Kf8 31. Qh6+ Kg8 32. Qxc1 Kg7 33.
Qe3 Rb8 34. Rxa7 Rb2+ 35. Kd3 Rxf2 36. Qe7 Qd5+ 37. Kc3 Rf3+ 38. Kb4 Rf4+ 39.
Kc3 Qc4+ 40. Kd2 Rf2+ 41. Ke1 Qf1# 0-1

[Event "Karposh Open 2015"]
[Site "Skopje MKD"]
[Date "2015.03.28"]
[Round "3.1"]
[White "Doncea, Vladimir"]
[Black "Ivanisevic, Ivan"]
[Result "1/2-1/2"]
[WhiteElo "2421"]
[BlackElo "2638"]
[PlyCount "84"]
[EventDate "2015.03.27"]
[EventType "swiss"]
[EventRounds "9"]
[EventCountry "MKD"]
[Source "lmi"]
[SourceDate "2015.03.27"]

1. Nf3 d5 2. d4 Bf5 3. c4 e6 4. Bg5 f6 5. Bf4 Nc6 6. Nc3 g5 7. cxd5 exd5 8. Bd2
Qd7 9. Qa4 Nge7 10. e3 h5 11. Be2 g4 12. Nh4 Bh7 13. g3 Bh6 14. h3 Bg5 15. hxg4
hxg4 16. f4 gxf3 17. Nxf3 O-O-O 18. O-O-O Kb8 19. Nxg5 fxg5 20. e4 Bxe4 21.
Rxh8 Rxh8 22. Bxg5 Qf5 23. Be3 Qe6 24. Bf4 Ng6 25. Bd2 Rh2 26. Bb5 Nge7 27. Rf1
a6 28. Rf8+ Nc8 29. Bxc6 Rh1+ 30. Nd1 Qxc6+ 31. Qxc6 bxc6 32. Bf4 Bf3 33. Bxc7+
Kxc7 34. Rxf3 Nd6 35. Kc2 Nb5 36. Rd3 Rg1 37. Nc3 Nd6 38. Na4 Rg2+ 39. Kb3 Nf5
40. Nc5 a5 41. Ne6+ Kb6 42. Nf4 Rxg3 1/2-1/2

[Event "Karposh Open 2015"]
[Site "Skopje MKD"]
[Date "2015.03.28"]
[Round "3.2"]
[White "Tkachiev, Vladislav"]
[Black "Stanojoski, Zvonko"]
[Result "1-0"]
[WhiteElo "2634"]
[BlackElo "2418"]
[PlyCount "121"]
[EventDate "2015.03.27"]
[EventType "swiss"]
[EventRounds "9"]
[EventCountry "MKD"]
[Source "lmi"]
[SourceDate "2015.03.27"]

1. d4 d5 2. c4 e6 3. Nf3 c6 4. Qc2 Nf6 5. Bg5 h6 6. Bh4 Be7 7. e3 Nbd7 8. Nc3
a6 9. a3 O-O 10. Rd1 b5 11. c5 Nh5 12. Bxe7 Qxe7 13. Be2 Nhf6 14. e4 dxe4 15.
Nxe4 e5 16. O-O exd4 17. Nxf6+ Nxf6 18. Nxd4 Bb7 19. Bf3 Qc7 20. Nf5 Rae8 21.
Rd6 Re6 22. Rxe6 fxe6 23. Nd6 Bc8 24. h3 Bd7 25. Re1 Nd5 26. Bg4 Rf6 27. g3 a5
28. Re4 Qa7 29. Kg2 a4 30. Re5 Qb8 31. Qe2 Nc7 32. h4 Qf8 33. Ne4 Rf7 34. Nd6
Re7 35. f4 Qf6 36. Qd3 Nd5 37. Bd1 g6 38. Bf3 Rg7 39. Qd4 Qf8 40. Bg4 Re7 41.
Bf3 Rg7 42. Qd3 Qf6 43. Qd2 Qd8 44. Kh2 Qf8 45. h5 Qf6 46. Ne4 Qf8 47. hxg6
Rxg6 48. Bg2 Qg7 49. Bh3 Nf6 50. Nxf6+ Rxf6 51. Re3 Kf8 52. Rd3 Be8 53. Rd6 Qe7
54. Qd4 Kf7 55. Bg4 Kf8 56. Qe5 Kf7 57. Bh5+ Kg7 58. Qd4 Qf8 59. Bxe8 Qxe8 60.
Rd7+ Kg6 61. Qd3+ 1-0

[Event "Karposh Open 2015"]
[Site "Skopje MKD"]
[Date "2015.03.28"]
[Round "3.3"]
[White "Kozul, Zdenko"]
[Black "Arsovic, Goran"]
[Result "1-0"]
[WhiteElo "2630"]
[BlackElo "2412"]
[PlyCount "55"]
[EventDate "2015.03.27"]
[EventType "swiss"]
[EventRounds "9"]
[EventCountry "MKD"]
[Source "lmi"]
[SourceDate "2015.03.27"]

1. d4 Nf6 2. Nf3 e6 3. c4 Bb4+ 4. Bd2 Qe7 5. g3 Nc6 6. Nc3 Bxc3 7. Bxc3 Ne4 8.
Rc1 O-O 9. Bg2 d6 10. d5 Nxc3 11. Rxc3 Nb8 12. dxe6 fxe6 13. Nd4 c6 14. O-O Nd7
15. b4 e5 16. Nc2 Nf6 17. e4 a5 18. b5 cxb5 19. cxb5 Be6 20. Ne3 Bxa2 21. Nf5
Qd7 22. Qc2 Bf7 23. Rc7 Qxb5 24. Rb1 Qe8 25. Rbxb7 Qe6 26. Bf1 Qa2 27. Qc6 a4
28. Rxf7 1-0

[Event "Karposh Open 2015"]
[Site "Skopje MKD"]
[Date "2015.03.28"]
[Round "3.4"]
[White "Markus, Robert"]
[Black "Radovanovic, Nikola"]
[Result "1-0"]
[WhiteElo "2615"]
[BlackElo "2399"]
[PlyCount "189"]
[EventDate "2015.03.27"]
[EventType "swiss"]
[EventRounds "9"]
[EventCountry "MKD"]
[Source "lmi"]
[SourceDate "2015.03.27"]

1. d4 Nf6 2. Nf3 e6 3. g3 b5 4. Bg2 Bb7 5. O-O d5 6. Ne5 Nbd7 7. Nd3 c5 8. dxc5
Nxc5 9. Be3 d4 10. Bxb7 Nxb7 11. Bg5 Be7 12. a4 a6 13. axb5 axb5 14. Rxa8 Qxa8
15. Ne5 O-O 16. Nc6 Bc5 17. Bxf6 gxf6 18. Nxd4 Rd8 19. e3 f5 20. Qe2 Bxd4 21.
exd4 Nd6 22. Nd2 Qa2 23. Qe3 Rc8 24. Qe5 Rc6 25. Nb3 Rxc2 26. Qxd6 Qxb3 27.
Qd8+ Kg7 28. Qg5+ Kh8 29. Ra1 Rc8 30. Qf6+ Kg8 31. Qg5+ Kh8 32. Qf6+ Kg8 33.
Ra7 Rf8 34. Qg5+ Kh8 35. Qf6+ Kg8 36. Qg5+ Kh8 37. Qc1 Qc4 38. Qe3 Qc2 39. Qe5+
Kg8 40. d5 Qd1+ 41. Kg2 Qxd5+ 42. Qxd5 exd5 43. Rd7 Rc8 44. Rxd5 Rc2 45. Rxb5
Kg7 46. b4 Rb2 47. Rb6 Rb3 48. b5 Kg8 49. Rb8+ Kg7 50. b6 Kf6 51. Kf1 Rb2 52.
Ke1 f4 53. gxf4 Kf5 54. Kf1 Kxf4 55. Rf8 f5 56. Rf6 Kg5 57. Rc6 Kf4 58. Kg2 Rb3
59. Rh6 Kg5 60. Rxh7 Rxb6 61. Ra7 Rb3 62. Rg7+ Kf6 63. Rg8 Kf7 64. Ra8 Kg6 65.
Ra4 Kg5 66. h4+ Kh5 67. f3 Rc3 68. Kg3 Rb3 69. Ra5 Kg6 70. Ra6+ Kg7 71. Kf4 Rc3
72. h5 Rc5 73. Rg6+ Kf7 74. Kg5 f4+ 75. Kg4 Rb5 76. Rg5 Rb1 77. Kxf4 Rb4+ 78.
Kg3 Rb6 79. Kg4 Rb4+ 80. f4 Rb6 81. Ra5 Kg7 82. Kg5 Rc6 83. h6+ Kg8 84. Ra8+
Kh7 85. Ra7+ Kg8 86. f5 Rc1 87. f6 Rg1+ 88. Kf5 Rf1+ 89. Ke5 Re1+ 90. Kd6 Rd1+
91. Ke7 Re1+ 92. Kd8 Rh1 93. h7+ Kh8 94. f7 Kg7 95. Ke8 1-0

[Event "Karposh Open 2015"]
[Site "Skopje MKD"]
[Date "2015.03.28"]
[Round "3.5"]
[White "Nabaty, Tamir"]
[Black "Kerigan, Demre"]
[Result "1-0"]
[WhiteElo "2590"]
[BlackElo "2397"]
[PlyCount "49"]
[EventDate "2015.03.27"]
[EventType "swiss"]
[EventRounds "9"]
[EventCountry "MKD"]
[Source "lmi"]
[SourceDate "2015.03.27"]

1. e4 d6 2. d4 Nf6 3. Bd3 e5 4. Ne2 exd4 5. Nxd4 g6 6. O-O Bg7 7. Nc3 Nc6 8.
Nxc6 bxc6 9. Bg5 h6 10. Bh4 O-O 11. f4 Rb8 12. Kh1 Qd7 13. e5 dxe5 14. Bxf6
Bxf6 15. f5 Bg7 16. f6 Bh8 17. Qd2 Kh7 18. Rae1 Qd8 19. Qf2 Qd4 20. Qg3 Rxb2
21. Rxe5 Qg4 22. Qf2 Rb4 23. Ne4 Ba6 24. h3 Qc8 25. Qh4 1-0

[Event "Karposh Open 2015"]
[Site "Skopje MKD"]
[Date "2015.03.28"]
[Round "3.6"]
[White "Vocaturo, Daniele"]
[Black "Musat, Adrian"]
[Result "1-0"]
[WhiteElo "2579"]
[BlackElo "2394"]
[PlyCount "47"]
[EventDate "2015.03.27"]
[EventType "swiss"]
[EventRounds "9"]
[EventCountry "MKD"]
[Source "lmi"]
[SourceDate "2015.03.27"]

1. d4 Nf6 2. c4 e6 3. Nc3 d5 4. cxd5 exd5 5. Bg5 c6 6. e3 Be7 7. Bd3 Nbd7 8.
Qc2 Nf8 9. Nge2 Ng6 10. O-O-O O-O 11. Ng3 Qd6 12. h4 h6 13. h5 hxg5 14. hxg6
fxg6 15. Bxg6 Ng4 16. Bh7+ Kf7 17. Nf5 Qf6 18. e4 g6 19. f3 gxf5 20. fxg4 f4
21. e5 Qg7 22. Bf5 Ke8 23. Bxc8 Rxc8 24. Nxd5 1-0

[Event "Karposh Open 2015"]
[Site "Skopje MKD"]
[Date "2015.03.28"]
[Round "3.7"]
[White "Santiago, Yago De Moura"]
[Black "Kazhgaleyev, Murtas"]
[Result "0-1"]
[WhiteElo "2410"]
[BlackElo "2561"]
[PlyCount "62"]
[EventDate "2015.03.27"]
[EventType "swiss"]
[EventRounds "9"]
[EventCountry "MKD"]
[Source "lmi"]
[SourceDate "2015.03.27"]

1. d4 Nf6 2. c4 c5 3. d5 b5 4. cxb5 a6 5. bxa6 g6 6. Nc3 Bg7 7. e4 O-O 8. Nf3
Qa5 9. Bd2 Bxa6 10. Be2 d6 11. O-O Bxe2 12. Qxe2 Qa6 13. Qd1 Nbd7 14. Qc2 Rfb8
15. Rfe1 Ng4 16. a4 Qc4 17. h3 Nge5 18. Nxe5 Nxe5 19. Re3 Qa6 20. Bc1 c4 21.
Ra3 Bh6 22. Re2 Bxc1 23. Qxc1 Nd3 24. Qg5 Nxb2 25. Qxe7 Nd3 26. Qg5 Rb3 27.
Rea2 Qb6 28. Qd2 Qb4 29. Rxb3 cxb3 30. Ra1 Rc8 31. Nb1 Rc1+ 0-1

[Event "Karposh Open 2015"]
[Site "Skopje MKD"]
[Date "2015.03.28"]
[Round "3.8"]
[White "Enchev, Ivajlo"]
[Black "Pavlidis, Antonios"]
[Result "1/2-1/2"]
[WhiteElo "2395"]
[BlackElo "2539"]
[PlyCount "81"]
[EventDate "2015.03.27"]
[EventType "swiss"]
[EventRounds "9"]
[EventCountry "MKD"]
[Source "lmi"]
[SourceDate "2015.03.27"]

1. d4 Nf6 2. c4 e6 3. Nc3 Bb4 4. Qc2 O-O 5. a3 Bxc3+ 6. Qxc3 d5 7. Nf3 dxc4 8.
Qxc4 b6 9. Bg5 Ba6 10. Qa4 h6 11. Bh4 Qe7 12. Rc1 c5 13. dxc5 bxc5 14. e3 Bxf1
15. Kxf1 Nbd7 16. Ke2 Rab8 17. Rc2 Rb7 18. Nd2 Rfb8 19. b3 e5 20. Rhc1 Qe6 21.
Kf1 Nd5 22. Bg3 f6 23. Qc4 Rb5 24. Rd1 Nc7 25. Qxe6+ Nxe6 26. f3 Nb6 27. Be1
Kf8 28. Ke2 Ke7 29. a4 Rb4 30. Nc4 Nxc4 31. Bxb4 Nxe3 32. Bxc5+ Nxc5 33. Kxe3
Rxb3+ 34. Kf2 Nd3+ 35. Kg3 f5 36. Rc7+ Kf6 37. Rxa7 e4 38. Ra6+ Kf7 39. Ra7+
Kf6 40. Ra6+ Kf7 41. Ra7+ 1/2-1/2

[Event "Karposh Open 2015"]
[Site "Skopje MKD"]
[Date "2015.03.28"]
[Round "3.9"]
[White "Mazi, Leon"]
[Black "Mastrovasilis, Athanasios"]
[Result "1/2-1/2"]
[WhiteElo "2382"]
[BlackElo "2506"]
[PlyCount "89"]
[EventDate "2015.03.27"]
[EventType "swiss"]
[EventRounds "9"]
[EventCountry "MKD"]
[Source "lmi"]
[SourceDate "2015.03.27"]

1. e4 e5 2. Nf3 Nc6 3. Bb5 Nf6 4. O-O Nxe4 5. Re1 Nd6 6. Nxe5 Be7 7. Bf1 Nf5 8.
c3 Nxe5 9. Rxe5 d6 10. Re1 c5 11. d4 cxd4 12. Bg5 dxc3 13. Bb5+ Bd7 14. Nxc3
O-O 15. Bxe7 Nxe7 16. Qxd6 Be6 17. Rad1 Qxd6 18. Rxd6 Nf5 19. Rd2 Rfd8 20. Red1
Rxd2 21. Rxd2 Kf8 22. f4 Rc8 23. Kf2 Ke7 24. Be2 Nd6 25. Bf3 Rc4 26. g3 b5 27.
Nd5+ Bxd5 28. Bxd5 Ne4+ 29. Bxe4 Rxe4 30. Kf3 Rc4 31. Ke3 a6 32. Kd3 g6 33.
Re2+ Kd7 34. Kd2 h5 35. Re5 f6 36. Re3 Rc6 37. Rd3+ Ke6 38. Rd4 Rd6 39. Rxd6+
Kxd6 40. Kd3 Kd5 41. b4 g5 42. fxg5 fxg5 43. h3 Ke5 44. Ke3 Kd5 45. Kd3 1/2-1/2

[Event "Karposh Open 2015"]
[Site "Skopje MKD"]
[Date "2015.03.28"]
[Round "3.10"]
[White "Leniart, Arkadiusz"]
[Black "Codenotti, Marco"]
[Result "1/2-1/2"]
[WhiteElo "2488"]
[BlackElo "2385"]
[PlyCount "36"]
[EventDate "2015.03.27"]
[EventType "swiss"]
[EventRounds "9"]
[EventCountry "MKD"]
[Source "lmi"]
[SourceDate "2015.03.27"]

1. c4 g6 2. e4 c5 3. Nf3 Nc6 4. d4 cxd4 5. Nxd4 Nf6 6. Nc3 d6 7. Be2 Nxd4 8.
Qxd4 Bg7 9. b3 O-O 10. Bb2 b6 11. Qd2 Bb7 12. f3 Rc8 13. O-O Qc7 14. Rac1 Rfd8
15. Kh1 e6 16. Rfd1 Qb8 17. Nb5 a6 18. Nd4 Nh5 1/2-1/2

[Event "Karposh Open 2015"]
[Site "Skopje MKD"]
[Date "2015.03.28"]
[Round "3.11"]
[White "Potpara, Nikola"]
[Black "Drenchev, Petar"]
[Result "1/2-1/2"]
[WhiteElo "2353"]
[BlackElo "2486"]
[PlyCount "93"]
[EventDate "2015.03.27"]
[EventType "swiss"]
[EventRounds "9"]
[EventCountry "MKD"]
[Source "lmi"]
[SourceDate "2015.03.27"]

1. d4 Nf6 2. c4 g6 3. Nc3 Bg7 4. e4 d6 5. Nf3 O-O 6. Be2 e5 7. O-O Nc6 8. d5
Ne7 9. Ne1 Nd7 10. f3 f5 11. g4 Kh8 12. h4 Ng8 13. Ng2 a5 14. Bg5 Bf6 15. Bxf6+
Ngxf6 16. exf5 gxf5 17. g5 Nh5 18. f4 Nxf4 19. Nxf4 exf4 20. Qd4+ Ne5 21. Rxf4
Qe7 22. Raf1 Bd7 23. Kh1 Qg7 24. Bh5 b6 25. Ne2 c5 26. dxc6 Bxc6+ 27. Kg1 Be4
28. Rd1 Rac8 29. b3 a4 30. Ng3 axb3 31. axb3 h6 32. Qxd6 hxg5 33. hxg5 Rc6 34.
Qd4 Nd3 35. Rxd3 Bxd3 36. Qxd3 Qxg5 37. Qd4+ Rff6 38. Kf2 Rcd6 39. Qe5 Rde6 40.
Qb8+ Kg7 41. Qc7+ Kh8 42. Qd8+ Kh7 43. Qd7+ Kh8 44. Qd4 Rd6 45. Qe5 Rde6 46.
Qb8+ Kh7 47. Qc7+ 1/2-1/2